[Event "SV Wattenscheid 2 - SC Hansa Dortmund 2"]
[Site "Oberliga NRW 2012/2013"]
[Date "2013.01.20"]
[Round "5.6"]
[White "Franke, Johannes"]
[Black "Prueske, Wolfgang"]
[Result "1/2-1/2"]
[WhiteElo "2309"]
[BlackElo "2019"]
[PlyCount "39"]
[EventDate "2013.??.??"]
[WhiteTeam "SV Wattenscheid 2"]
[BlackTeam "SC Hansa Dortmund 2"]

1. e4 c6 2. d4 d5 3. f3 g6 4. Nc3 Bg7 5. Be3 Qb6 6. Qd2 Qxb2 7. Rb1 Qa3 8. exd5
Nf6 9. Rb3 Qa5 10. dxc6 bxc6 11. Bc4 Ba6 12. Bxa6 Qxa6 13. Nge2 Nbd7 14. O-O
Nb6 15. Ne4 Nfd5 16. Nc5 Qc4 17. Bf2 O-O 18. Rfb1 e5 19. dxe5 Bxe5 20. Qd3
1/2-1/2

[Event "SV Wattenscheid 2 - SC Hansa Dortmund 2"]
[Site "Oberliga NRW 2012/2013"]
[Date "2013.01.20"]
[Round "5.7"]
[White "Kloster, Josef"]
[Black "Hirsch, Stefan"]
[Result "1/2-1/2"]
[WhiteElo "2028"]
[BlackElo "2181"]
[PlyCount "43"]
[EventDate "2013.??.??"]
[WhiteTeam "SC Hansa Dortmund 2"]
[BlackTeam "SV Wattenscheid 2"]

1. d4 Nf6 2. c4 g6 3. Nc3 Bg7 4. e4 d6 5. Nf3 O-O 6. Be2 e5 7. O-O Nbd7 8. d5
Nc5 9. Qc2 a5 10. b3 c6 11. Be3 cxd5 12. Bxc5 dxc5 13. cxd5 Ne8 14. Nd2 Bd7 15.
Rad1 Nd6 16. Nc4 Qc7 17. Nxd6 Qxd6 18. Bb5 Bg4 19. Be2 Bd7 20. Bb5 Bg4 21. Be2
Bd7 22. Bb5 1/2-1/2

[Event "SV Wattenscheid 2 - SC Hansa Dortmund 2"]
[Site "Oberliga NRW 2012/2013"]
[Date "2013.01.20"]
[Round "5.8"]
[White "Koerber, Matthias"]
[Black "Kemna, Martin"]
[Result "1-0"]
[WhiteElo "2060"]
[BlackElo "1965"]
[PlyCount "87"]
[EventDate "2013.??.??"]
[WhiteTeam "SV Wattenscheid 2"]
[BlackTeam "SC Hansa Dortmund 2"]

1. d4 c5 2. e3 d6 3. Nf3 g6 4. dxc5 Qa5+ 5. Bd2 Qxc5 6. Bc3 e5 7. Nbd2 h6 8.
Ne4 Qc6 9. Ng3 Be6 10. h4 Nd7 11. h5 g5 12. Bd3 Ne7 13. Qe2 a6 14. e4 f6 15.
Bb4 Nc5 16. O-O-O O-O-O 17. Bxc5 Qxc5 18. Kb1 Nc6 19. Nd2 Kb8 20. Nb3 Qb4 21.
Nf1 d5 22. exd5 Bxd5 23. Ne3 Bxb3 24. axb3 Bc5 25. Nf5 Qa5 26. c3 Qb6 27. Be4
Ne7 28. b4 Bd6 29. Ne3 Qc7 30. Rd2 Rhf8 31. g4 Qc8 32. Rhd1 Bc7 33. Bf5 Rxd2
34. Qxd2 Qe8 35. Qd7 Bb6 36. Be4 Nc6 37. Bxc6 bxc6 38. Qxe8+ Rxe8 39. Rd6 Rd8
40. Rxd8+ Bxd8 41. Nf5 e4 42. Nxh6 Bb6 43. Nf5 Bxf2 44. h6 1-0

[Event "Aachener SV 1 - Düsseldorfer SK 1"]
[Site "Oberliga NRW 2012/2013"]
[Date "2013.01.20"]
[Round "5.1"]
[White "Stark, Lars"]
[Black "Koch, Thomas"]
[Result "1/2-1/2"]
[WhiteElo "2420"]
[BlackElo "2382"]
[PlyCount "100"]
[EventDate "2013.??.??"]
[WhiteTeam "Düsseldorfer SK 1"]
[BlackTeam "Aachener SV 1"]

1. c4 c5 2. g3 g6 3. Bg2 Bg7 4. Nc3 Nc6 5. Nf3 b6 6. O-O Bb7 7. e3 Nh6 8. d4
cxd4 9. Nxd4 O-O 10. b3 Nf5 11. Nde2 a6 12. a4 Rb8 13. Rb1 d6 14. Bb2 Re8 15.
Ba1 e6 16. Qd2 Qe7 17. Rfd1 Red8 18. Bb2 Na5 19. Qc2 Bxg2 20. Kxg2 Qb7+ 21. Kg1
Nc6 22. Qe4 Ne5 23. Qxb7 Rxb7 24. Kg2 Rbd7 25. Nd4 Ne7 26. Ba3 N5c6 27. Nde2 f5
28. f4 Kf7 29. Rd3 Na5 30. Nd4 h6 31. Nce2 e5 32. Nc2 d5 33. c5 b5 34. fxe5
Bxe5 35. axb5 axb5 36. Ned4 Rb7 37. Nb4 Bxd4 38. exd4 Nac6 39. Nc2 Ng8 40. Bc1
Re8 41. Re3 Rxe3 42. Bxe3 Ra7 43. Ra1 Rxa1 44. Nxa1 g5 45. Nc2 Nf6 46. h4 Ne4
47. hxg5 hxg5 48. Na3 Na7 49. Nc2 Nc6 50. Na3 Na7 1/2-1/2

[Event "Aachener SV 1 - Düsseldorfer SK 1"]
[Site "Oberliga NRW 2012/2013"]
[Date "2013.01.20"]
[Round "5.2"]
[White "Piceu, Tom"]
[Black "Schuh, Dirk"]
[Result "1/2-1/2"]
[WhiteElo "2302"]
[BlackElo "2368"]
[PlyCount "71"]
[EventDate "2013.??.??"]
[WhiteTeam "Aachener SV 1"]
[BlackTeam "Düsseldorfer SK 1"]

1. d4 d5 2. Nf3 Nf6 3. c4 c6 4. Nc3 dxc4 5. a4 Bf5 6. e3 e6 7. Bxc4 Bb4 8. O-O
Nbd7 9. Nh4 O-O 10. Nxf5 exf5 11. Bd2 Nb6 12. Bd3 Qd7 13. a5 Nbd5 14. Qa4 Bd6
15. Nxd5 Nxd5 16. a6 b6 17. Rac1 Rac8 18. Rc2 Rfd8 19. Rfc1 Ne7 20. g3 Qe6 21.
Bf1 c5 22. dxc5 Rxc5 23. Rxc5 Bxc5 24. Bb4 Bxb4 25. Qxb4 g6 26. Rc7 Rd7 27. Qc3
Qd6 28. Rb7 h5 29. h4 Kh7 30. Bg2 Qd1+ 31. Kh2 Ng8 32. Qc6 Nh6 33. Bf3 Qf1 34.
Qxd7 Ng4+ 35. Bxg4 Qxf2+ 36. Kh1 1/2-1/2

[Event "Aachener SV 1 - Düsseldorfer SK 1"]
[Site "Oberliga NRW 2012/2013"]
[Date "2013.01.20"]
[Round "5.3"]
[White "de Gleria, Francesco"]
[Black "Sonntag, Hans-Hubert"]
[Result "0-1"]
[WhiteElo "2335"]
[BlackElo "2339"]
[PlyCount "68"]
[EventDate "2013.??.??"]
[WhiteTeam "Düsseldorfer SK 1"]
[BlackTeam "Aachener SV 1"]

1. e4 e5 2. Nf3 Nc6 3. Bb5 a6 4. Ba4 Nf6 5. O-O Be7 6. Re1 b5 7. Bb3 d6 8. h3
Na5 9. d3 Nxb3 10. axb3 O-O 11. Nc3 Bb7 12. Nh2 b4 13. Nb1 d5 14. exd5 Qxd5 15.
Qf3 Qb5 16. Qe2 Qc6 17. Nf3 Bd6 18. Be3 e4 19. dxe4 Qxe4 20. Ra5 Rfe8 21. c4
bxc3 22. bxc3 Nd5 23. Qd1 Nxe3 24. Rxe3 Qf4 25. Qe2 Kf8 26. Nbd2 Qf6 27. Qd3
Rxe3 28. fxe3 Rd8 29. Qxh7 Qxc3 30. Qh8+ Ke7 31. Qh4+ f6 32. Ra4 Qxe3+ 33. Kf1
Bc5 34. Qe1 Bc6 0-1

[Event "Aachener SV 1 - Düsseldorfer SK 1"]
[Site "Oberliga NRW 2012/2013"]
[Date "2013.01.20"]
[Round "5.4"]
[White "Klein, Felix"]
[Black "Balster, Stefan"]
[Result "1-0"]
[WhiteElo "2284"]
[BlackElo "2259"]
[PlyCount "145"]
[EventDate "2013.??.??"]
[WhiteTeam "Aachener SV 1"]
[BlackTeam "Düsseldorfer SK 1"]

1. e4 c5 2. Nf3 e6 3. d4 cxd4 4. Nxd4 Nf6 5. Nc3 d6 6. Be3 Nc6 7. f3 a6 8. Qd2
Qc7 9. O-O-O h5 10. Kb1 Bd7 11. Bd3 b5 12. Bxb5 axb5 13. Ndxb5 Qb8 14. Nxd6+
Bxd6 15. Qxd6 Qxd6 16. Rxd6 Ne5 17. b3 Rc8 18. Kb2 Bc6 19. a4 O-O 20. Rhd1 Rb8
21. R6d4 Ra8 22. Ra1 Rfc8 23. b4 Bd7 24. Kb3 Nc6 25. Rdd1 Rab8 26. Nb5 e5 27.
c3 Be6+ 28. Kb2 Ne8 29. Bf2 Nc7 30. Nd6 Rd8 31. a5 Nxb4 32. cxb4 Rxb4+ 33. Kc1
Bb3 34. Rd2 Na6 35. Bb6 Rd7 36. Rb1 Ba4 37. Rxb4 Nxb4 38. Kb2 Na6 39. Kc3 Kf8
40. Kc4 Bc6 41. Bc5 Kg8 42. Rb2 Rc7 43. Bb6 Rd7 44. Nf5 g6 45. Ne3 Kg7 46. Nd5
f5 47. Be3 fxe4 48. fxe4 Nc7 49. Rd2 Na6 50. Bg5 Rb7 51. Bf6+ Kf7 52. Bxe5 Rb5
53. Bc3 Rc5+ 54. Kb3 Bb5 55. Ne3 Rc7 56. Rf2+ Ke8 57. Bd4 Rb7 58. Bb6 Bc6 59.
e5 Nc5+ 60. Kc4 Nd7 61. Kd4 Nxb6 62. axb6 Rxb6 63. Kc5 Rb3 64. Kxc6 Rxe3 65.
Kd6 Ra3 66. Rc2 Ra6+ 67. Rc6 Ra2 68. Rc8+ Kf7 69. e6+ Kg7 70. e7 Rd2+ 71. Kc7
Rc2+ 72. Kb7 Rb2+ 73. Ka6 1-0

[Event "Aachener SV 1 - Düsseldorfer SK 1"]
[Site "Oberliga NRW 2012/2013"]
[Date "2013.01.20"]
[Round "5.5"]
[White "Gazic, Josip"]
[Black "Coenen, Norbert"]
[Result "1-0"]
[WhiteElo "2232"]
[BlackElo "2259"]
[Annotator "Doe,John"]
[PlyCount "187"]
[EventDate "2013.??.??"]
[WhiteTeam "Düsseldorfer SK 1"]
[BlackTeam "Aachener SV 1"]

1. c4 c5 2. Nf3 Nf6 3. g3 d5 4. cxd5 Nxd5 5. Bg2 Nc6 6. O-O e5 7. d3 Be7 8. Nc3
Be6 9. Nxd5 Bxd5 10. Be3 Rc8 11. a3 O-O 12. Rc1 b6 13. Re1 Qd7 14. Qa4 f6 15.
Rc3 Rc7 16. Rec1 Nd4 17. Qxd7 Rxd7 18. Bxd4 exd4 19. R3c2 Bb3 20. Rd2 Rfd8 21.
Ne1 f5 22. Bc6 Rd6 23. Bb5 Kf8 24. Bc4 Ba4 25. f4 Re8 26. Nf3 Bf6 27. Kf2 g6
28. h4 Re7 29. b3 Be8 30. a4 Bc6 31. Ra2 Rd8 32. Rb1 Rc7 33. Bb5 Bd5 34. a5 Rb8
35. a6 Rd8 36. Rc2 Be7 37. b4 Bd6 38. Ba4 Rdc8 39. b5 Re7 40. Nd2 Rce8 41. Re1
h6 42. Bb3 Ba8 43. Nc4 Bc7 44. e3 dxe3+ $11 45. Rxe3 Rxe3 46. Nxe3 Rd8 47. Bc4
Kg7 48. h5 g5 49. fxg5 Rf8 50. gxh6+ Kxh6 51. Bd5 Bxg3+ 52. Kf3 f4 53. Ng4+
Kxh5 54. Bxa8 Rxa8 55. Ne5 Rd8 56. Rc4 Rd5 57. Re4 Kg5 58. Ke2 Kf5 59. Nc6 f3+
60. Kxf3 Rxd3+ 61. Re3 Rxe3+ 62. Kxe3 Ke6 63. Nxa7 Kd7 64. Ke4 Kc7 65. Nc6 Bh4
66. Kd5 Bg5 67. Ke6 Bh4 68. Ne5 Bg5 69. Nc4 Bf4 70. Kf5 Bh6 71. Ne5 Be3 72. Ng6
c4 73. Ke4 Bc5 74. Ne5 c3 75. Kd3 c2 76. Kxc2 Bf2 77. Nc6 Bg3 78. Kd3 Bf2 79.
Ke4 Bg3 80. Kd5 Bf2 81. Ke6 Bh4 82. Nb4 Bf2 83. Nd5+ Kb8 84. Kd7 Bg1 85. Kc6
Ka7 86. Ne7 Kb8 87. Nc8 Bf2 88. Nxb6 Ka7 89. Nd7 Bg1 90. Nc5 Bf2 91. b6+ Ka8
92. Kc7 Bg3+ 93. Kc8 Bh2 94. Ne6 1-0

[Event "Aachener SV 1 - Düsseldorfer SK 1"]
[Site "Oberliga NRW 2012/2013"]
[Date "2013.01.20"]
[Round "5.6"]
[White "Begnis, Nikolaos"]
[Black "Mueller, Michael"]
[Result "1/2-1/2"]
[WhiteElo "2243"]
[BlackElo "2150"]
[PlyCount "24"]
[EventDate "2013.??.??"]
[WhiteTeam "Aachener SV 1"]
[BlackTeam "Düsseldorfer SK 1"]

1. e4 e6 2. d4 d5 3. exd5 exd5 4. c4 Nf6 5. Nc3 Be7 6. Nf3 O-O 7. Bd3 Bg4 8.
cxd5 Re8 9. O-O Nxd5 10. h3 Be6 11. Re1 Nd7 12. Ne4 h6 1/2-1/2

[Event "Aachener SV 1 - Düsseldorfer SK 1"]
[Site "Oberliga NRW 2012/2013"]
[Date "2013.01.20"]
[Round "5.7"]
[White "Partenheimer, Axel"]
[Black "Petzold, Klaus"]
[Result "1/2-1/2"]
[WhiteElo "2150"]
[BlackElo "2125"]
[PlyCount "47"]
[EventDate "2013.??.??"]
[WhiteTeam "Düsseldorfer SK 1"]
[BlackTeam "Aachener SV 1"]

1. c4 c6 2. Nf3 d5 3. e3 Nf6 4. d4 g6 5. Nc3 Bg7 6. Bd3 O-O 7. O-O Bg4 8. h3
Bxf3 9. Qxf3 Qd6 10. Rd1 Nbd7 11. cxd5 cxd5 12. Bd2 e5 13. Bf1 a6 14. Be1 Rfd8
15. Qe2 Rac8 16. dxe5 Qxe5 17. g3 Nc5 18. Bg2 b5 19. Rac1 Qe6 20. b4 Nce4 21.
Qd3 Rc4 22. Ne2 Qc8 23. Rxc4 bxc4 24. Qc2 1/2-1/2

[Event "Aachener SV 1 - Düsseldorfer SK 1"]
[Site "Oberliga NRW 2012/2013"]
[Date "2013.01.20"]
[Round "5.8"]
[White "Titgemeyer, Sven"]
[Black "Berndt, Axel"]
[Result "1/2-1/2"]
[WhiteElo "1987"]
[BlackElo "2120"]
[PlyCount "102"]
[EventDate "2013.??.??"]
[WhiteTeam "Aachener SV 1"]
[BlackTeam "Düsseldorfer SK 1"]

1. e4 Nf6 2. e5 Nd5 3. d4 d6 4. c4 Nb6 5. exd6 cxd6 6. Nc3 g6 7. Nf3 Bg7 8. Be3
O-O 9. Rc1 Bg4 10. Be2 Nc6 11. b3 d5 12. c5 Nc8 13. h3 Bxf3 14. Bxf3 e6 15. Ne2
N8e7 16. Qd2 Nf5 17. g3 Nxe3 18. fxe3 Bh6 19. O-O Qa5 20. Nc3 b6 21. Qe2 Ne7
22. g4 bxc5 23. dxc5 Rac8 24. Na4 d4 25. exd4 Bxc1 26. Rxc1 Rfd8 27. Rc4 Nc6
28. Qe3 Qc7 29. Kg2 Ne7 30. Nc3 Nd5 31. Nxd5 exd5 32. Rc2 Re8 33. Qg5 Rcd8 34.
b4 Kg7 35. a4 h6 36. Qd2 f5 37. b5 f4 38. a5 Re3 39. c6 Qe7 40. b6 axb6 41.
axb6 Qa3 42. Qf2 Qb3 43. Rb2 Qc3 44. c7 Rxf3 45. cxd8=Q Rxf2+ 46. Rxf2 Qg3+ 47.
Kf1 Qxh3+ 48. Kg1 Qxg4+ 49. Kf1 Qh3+ 50. Kg1 Qg4+ 51. Kf1 Qh3+ 1/2-1/2

[Event "SV Erkenschwick 1 - SG Porz 2"]
[Site "Oberliga NRW 2012/2013"]
[Date "2013.01.20"]
[Round "5.1"]
[White "Miedema, David"]
[Black "Erwich, Marc"]
[Result "1-0"]
[WhiteElo "2339"]
[BlackElo "2346"]
[PlyCount "93"]
[EventDate "2013.??.??"]
[WhiteTeam "SG Porz 2"]
[BlackTeam "SV Erkenschwick 1"]

1. d4 Nf6 2. c4 e6 3. Nf3 b6 4. g3 Bb7 5. Bg2 Be7 6. O-O O-O 7. d5 exd5 8. Nh4
c6 9. cxd5 Nxd5 10. Nf5 Nc7 11. e4 d5 12. Nc3 Nba6 13. exd5 cxd5 14. Ne3 Qd7
15. Nexd5 Nxd5 16. Nxd5 Rfd8 17. Nxe7+ Qxe7 18. Qe1 Qxe1 19. Rxe1 Bxg2 20. Kxg2
Nb4 21. Re2 Rac8 22. Bd2 Nd5 23. Rc1 f6 24. b3 Kf7 25. Kf3 b5 26. Ree1 b4 27.
Rxc8 Rxc8 28. Rc1 Rxc1 29. Bxc1 Ke6 30. Bb2 Ne7 31. Ke4 Nc6 32. g4 a5 33. f4
Nb8 34. Kd4 Kd6 35. a3 Nc6+ 36. Kc4 Ke6 37. axb4 axb4 38. Kc5 Ne7 39. f5+ Kd7
40. Kxb4 h5 41. gxh5 Nxf5 42. Kc5 Nh4 43. b4 Kc7 44. Kd5 Nf3 45. Ke6 Nxh2 46.
Bxf6 gxf6 47. h6 1-0

[Event "SV Erkenschwick 1 - SG Porz 2"]
[Site "Oberliga NRW 2012/2013"]
[Date "2013.01.20"]
[Round "5.2"]
[White "Erwich, Frank"]
[Black "Korotkjevich, Stanislav"]
[Result "1-0"]
[WhiteElo "2331"]
[BlackElo "2352"]
[PlyCount "131"]
[EventDate "2013.??.??"]
[WhiteTeam "SV Erkenschwick 1"]
[BlackTeam "SG Porz 2"]

1. c4 Nf6 2. Nc3 d6 3. g3 g6 4. Bg2 Bg7 5. e3 O-O 6. Nge2 c6 7. O-O a6 8. b4 d5
9. cxd5 Nxd5 10. d4 Nxb4 11. e4 e5 12. Ba3 a5 13. d5 N8a6 14. Qd2 Bg4 15. Rab1
Rc8 16. Rfc1 Re8 17. h3 Bd7 18. dxc6 Bxc6 19. Nd5 Bxd5 20. Rxc8 Qxc8 21. exd5
e4 22. d6 Qd7 23. Nc3 f5 24. Bf1 Rc8 25. Bb5 Qd8 26. Ne2 Bf8 27. Qd4 Bg7 28.
Qd1 Nc5 29. Nf4 e3 30. d7 exf2+ 31. Kf1 Rc7 32. Nd5 Rxd7 33. Bxd7 Qxd7 34. Nxb4
Qxd1+ 35. Rxd1 axb4 36. Bxb4 Ne4 37. Rd8+ Kf7 38. Rd7+ Kg8 39. Rd8+ Kf7 40.
Rd7+ Kg8 41. Ba5 b5 42. Bb6 Nxg3+ 43. Kxf2 Ne4+ 44. Ke3 b4 45. Bd4 Bf8 46. h4
h6 47. Kf4 Bd6+ 48. Kf3 g5 49. Rg7+ Kf8 50. h5 g4+ 51. Kg2 Bc5 52. Rd7 Be7 53.
Be3 Nf6 54. Bxh6+ Ke8 55. Rb7 Nxh5 56. Rb5 Kf7 57. Bd2 Ke6 58. Bxb4 Nf4+ 59.
Kg3 Bg5 60. a4 Nd5 61. a5 Bf4+ 62. Kg2 Be5 63. a6 Nc7 64. Rb7 f4 65. Rxc7 f3+
66. Kf1 1-0

[Event "SV Erkenschwick 1 - SG Porz 2"]
[Site "Oberliga NRW 2012/2013"]
[Date "2013.01.20"]
[Round "5.4"]
[White "Van Zutphen, Jimmy"]
[Black "Gallinnis, Norbert"]
[Result "0-1"]
[WhiteElo "2162"]
[BlackElo "2278"]
[PlyCount "98"]
[EventDate "2013.??.??"]
[WhiteTeam "SV Erkenschwick 1"]
[BlackTeam "SG Porz 2"]

1. d4 Nf6 2. c3 g6 3. Bg5 Bg7 4. Nd2 d5 5. e3 O-O 6. Bd3 Nbd7 7. Ngf3 Re8 8.
O-O e5 9. dxe5 Nxe5 10. Nxe5 Rxe5 11. Bf4 Re8 12. h3 c5 13. Re1 Qb6 14. Rb1 Be6
15. Be5 Bd7 16. Bf4 Rad8 17. Qf3 Bc6 18. Qd1 Rd7 19. Qc2 Qd8 20. Rbd1 b5 21.
Be2 a5 22. a3 Qb6 23. b4 Ra7 24. Bd6 Nd7 25. Nb3 axb4 26. axb4 c4 27. Na5 Ba8
28. Bf4 Qf6 29. Rd4 Nb6 30. Bf3 Qe6 31. Red1 Bxd4 32. Rxd4 Nd7 33. Qd2 Nf6 34.
Bg5 Rd7 35. Bxf6 Qxf6 36. Bxd5 Bxd5 37. Rxd5 Rxd5 38. Qxd5 Qxc3 39. Qxb5 Rc8
40. Qa6 Qa1+ 41. Kh2 Qe5+ 42. g3 Qe6 43. Qb7 c3 44. Nb3 Qc6 45. Qa7 Qf3 46. e4
c2 47. Nc1 Rd8 48. Qc5 Rd1 49. Qxc2 Rh1# 0-1

[Event "SV Erkenschwick 1 - SG Porz 2"]
[Site "Oberliga NRW 2012/2013"]
[Date "2013.01.20"]
[Round "5.8"]
[White "Schulze Bisping, Franz-Adolf"]
[Black "Thalwitzer, David"]
[Result "0-1"]
[WhiteElo "1938"]
[BlackElo "2093"]
[PlyCount "82"]
[EventDate "2013.??.??"]
[WhiteTeam "SV Erkenschwick 1"]
[BlackTeam "SG Porz 2"]

1. d4 Nf6 2. c4 c5 3. d5 b5 4. cxb5 a6 5. bxa6 Bxa6 6. g3 d6 7. Bg2 g6 8. Nf3
Bg7 9. O-O O-O 10. Nc3 Nbd7 11. Rb1 Qa5 12. Bd2 Rfb8 13. Qc2 Qc7 14. Rfd1 Nb6
15. Be1 Ne8 16. b3 Qa7 17. a4 Nc7 18. e4 Nd7 19. h3 Rb7 20. Na2 Rab8 21. b4
cxb4 22. Nxb4 Qc5 23. Qd2 Qc4 24. Rbc1 Qe2 25. Nc6 Ra8 26. Nfd4 Qxd2 27. Rxd2
Kf8 28. Na5 Nc5 29. Nxb7 Bxb7 30. Nb5 Nxb5 31. axb5 Nb3 32. Rb1 Nxd2 33. Bxd2
Bd4 34. Rb3 Ke8 35. Bf1 Ra1 36. Kg2 f5 37. Bd3 Ra2 38. Be1 fxe4 39. Bc4 Rc2 40.
Rb4 Bc5 41. Ra4 e3 0-1

[Event "Klub Kölner SF 1 - PSV Duisburg 1"]
[Site "Oberliga NRW 2012/2013"]
[Date "2013.01.20"]
[Round "5.2"]
[White "Tugui, Adrian"]
[Black "Kistella, Roman"]
[Result "1-0"]
[WhiteElo "2359"]
[BlackElo "2253"]
[PlyCount "95"]
[EventDate "2013.??.??"]
[WhiteTeam "Klub Kölner SF 1"]
[BlackTeam "PSV Duisburg 1"]

1. d4 Nf6 2. Bg5 d5 3. Bxf6 exf6 4. e3 c6 5. g3 Bd6 6. Bg2 f5 7. Ne2 Nd7 8. b3
O-O 9. Qd3 Nf6 10. c4 Be6 11. O-O a6 12. c5 Bc7 13. b4 Ng4 14. f3 Nf6 15. a4
Bd7 16. Nd2 Qe7 17. Nc3 h5 18. Rae1 h4 19. e4 dxe4 20. fxe4 hxg3 21. exf5 gxh2+
22. Kh1 Qd8 23. Nde4 Re8 24. Re3 Nxe4 25. Nxe4 Qh4 26. Qe2 Rad8 27. Rh3 Rxe4
28. Qxe4 Qxe4 29. Bxe4 Bc8 30. Rd3 Re8 31. Re3 Kf8 32. Kg2 Rd8 33. Rd1 Bf4 34.
Ree1 Bc7 35. d5 cxd5 36. Rxd5 Re8 37. Rdd1 Rxe4 38. Rxe4 Bxf5 39. Ree1 f6 40.
Rd6 Bxd6 41. cxd6 Bd7 42. a5 h1=Q+ 43. Kxh1 g5 44. Re7 Bc6+ 45. Kh2 f5 46. b5
axb5 47. Rc7 Be4 48. Rc8+ 1-0

[Event "Klub Kölner SF 1 - PSV Duisburg 1"]
[Site "Oberliga NRW 2012/2013"]
[Date "2013.01.20"]
[Round "5.3"]
[White "Schmitz, Joachim"]
[Black "Morawietz, Dieter"]
[Result "1-0"]
[WhiteElo "2234"]
[BlackElo "2332"]
[PlyCount "89"]
[EventDate "2013.??.??"]
[WhiteTeam "PSV Duisburg 1"]
[BlackTeam "Klub Kölner SF 1"]

1. e4 e6 2. d4 d5 3. Nd2 Be7 4. Ngf3 Nf6 5. e5 Nfd7 6. Bd3 c5 7. c3 Nc6 8. O-O
Qb6 9. Re1 cxd4 10. cxd4 Nxd4 11. Nxd4 Qxd4 12. Nb3 Qb6 13. Qg4 Qb4 14. Qe2 O-O
15. Bd2 Qb6 16. Ba5 Qc6 17. Bb5 Qxb5 18. Qxb5 b6 19. Bc3 a5 20. Qe2 Ba6 21. Qg4
Rfc8 22. a4 Rc4 23. Qg3 Nf8 24. Nd2 Rc7 25. Nf3 Rac8 26. Rec1 Ng6 27. Bd2 Bc5
28. Be3 h6 29. Nd4 Kh7 30. Rc3 Ne7 31. Rac1 Rd7 32. h3 Rcd8 33. Rxc5 bxc5 34.
Rxc5 Rb8 35. b3 Rb4 36. Rxa5 Bd3 37. Rc5 Nf5 38. Nxf5 Bxf5 39. Bd2 Rd4 40. Qc3
Rd3 41. Qb2 f6 42. exf6 gxf6 43. Rc3 Rxc3 44. Qxc3 d4 45. Qc6 1-0

[Event "Klub Kölner SF 1 - PSV Duisburg 1"]
[Site "Oberliga NRW 2012/2013"]
[Date "2013.01.20"]
[Round "5.4"]
[White "Eichhorn, Andreas"]
[Black "Schiffer, Kai-Uwe"]
[Result "0-1"]
[WhiteElo "2289"]
[BlackElo "2232"]
[PlyCount "66"]
[EventDate "2013.??.??"]
[WhiteTeam "Klub Kölner SF 1"]
[BlackTeam "PSV Duisburg 1"]

1. d4 d5 2. Nf3 e6 3. c4 c6 4. e3 f5 5. Nc3 Nf6 6. Bd3 Bd6 7. Qc2 O-O 8. cxd5
cxd5 9. Nb5 Nc6 10. a3 Bb8 11. O-O Bd7 12. b4 Ne4 13. Ne1 a6 14. Nc3 Qc7 15. f4
Nxb4 16. axb4 Nxc3 17. Bd2 Ne4 18. Qb2 Qb6 19. Nf3 Bb5 20. Bxb5 Qxb5 21. Ra5
Qe2 22. Ra2 Bd6 23. Bc1 Qb5 24. Bd2 Rac8 25. Be1 Rc6 26. Ng5 Nxg5 27. fxg5
Bxh2+ 28. Kxh2 Qxf1 29. Bg3 f4 30. Bxf4 Rxf4 31. exf4 Qxf4+ 32. g3 Qxg5 33. Kg2
Qe3 0-1

[Event "Klub Kölner SF 1 - PSV Duisburg 1"]
[Site "Oberliga NRW 2012/2013"]
[Date "2013.01.20"]
[Round "5.5"]
[White "Heisel, Guido"]
[Black "Helbig, Mark"]
[Result "0-1"]
[WhiteElo "2161"]
[BlackElo "2245"]
[PlyCount "86"]
[EventDate "2013.??.??"]
[WhiteTeam "PSV Duisburg 1"]
[BlackTeam "Klub Kölner SF 1"]

1. d4 g6 2. e4 c6 3. c4 Bg7 4. Nc3 d6 5. f4 Nf6 6. e5 Nfd7 7. Nf3 O-O 8. Bd3 c5
9. exd6 cxd4 10. dxe7 Qxe7+ 11. Ne2 Nc6 12. O-O Nc5 13. Ng3 Bg4 14. h3 Bxf3 15.
Rxf3 Rfe8 16. Bd2 a5 17. Bf1 f5 18. Rb1 Rad8 19. Bd3 Nb4 20. Bf1 b6 21. a3 Nc6
22. Bd3 Kh8 23. Qc2 a4 24. Rd1 Qd6 25. Nh1 Re7 26. Nf2 Rde8 27. Bb4 Re3 28.
Bxc5 bxc5 29. Qxa4 Bh6 30. Bf1 Rxf3 31. gxf3 Bxf4 32. Nh1 Be3+ 33. Kg2 Qf6 34.
h4 g5 35. h5 g4 36. fxg4 Rg8 37. Be2 Ne5 38. Ng3 Nxg4 39. Rf1 f4 40. Ne4 Nf2+
41. Kf3 Nxe4 42. Kxe4 Qe6+ 43. Kd3 Qf5# 0-1

[Event "Klub Kölner SF 1 - PSV Duisburg 1"]
[Site "Oberliga NRW 2012/2013"]
[Date "2013.01.20"]
[Round "5.6"]
[White "Raasch, Joerg"]
[Black "Montignies, Rainer"]
[Result "1/2-1/2"]
[WhiteElo "2238"]
[BlackElo "2251"]
[PlyCount "80"]
[EventDate "2013.??.??"]
[WhiteTeam "Klub Kölner SF 1"]
[BlackTeam "PSV Duisburg 1"]

1. d4 e6 2. e3 Nf6 3. Nf3 c5 4. Bd3 d5 5. c3 Nc6 6. O-O Bd6 7. Nbd2 O-O 8. dxc5
Bxc5 9. e4 b6 10. Qe2 Qc7 11. e5 Ng4 12. Bxh7+ Kxh7 13. Ng5+ Kg8 14. Qxg4 Qxe5
15. Nb3 Bd6 16. g3 Qf6 17. Qh5 Qh6 18. Qxh6 gxh6 19. Nf3 Kg7 20. Nbd4 Nxd4 21.
Nxd4 Bd7 22. Be3 e5 23. Ne2 Be6 24. Rad1 b5 25. f4 f6 26. fxe5 fxe5 27. Rxf8
Rxf8 28. Nc1 Rf7 29. Nd3 Rc7 30. a3 a6 31. Nb4 Bxb4 32. axb4 h5 33. Re1 Bf5 34.
Bb6 Re7 35. Kf2 Re6 36. Bc7 Be4 37. Ke3 Re7 38. Bd6 Re6 39. Bc7 Re7 40. Bd6 Re6
1/2-1/2

[Event "Klub Kölner SF 1 - PSV Duisburg 1"]
[Site "Oberliga NRW 2012/2013"]
[Date "2013.01.20"]
[Round "5.7"]
[White "Maslak, Sulejman"]
[Black "Heppekausen, Jochen"]
[Result "1-0"]
[WhiteElo "2226"]
[BlackElo "2171"]
[PlyCount "103"]
[EventDate "2013.??.??"]
[WhiteTeam "PSV Duisburg 1"]
[BlackTeam "Klub Kölner SF 1"]

1. c4 e6 2. Nc3 d5 3. d4 c5 4. cxd5 exd5 5. Nf3 Nc6 6. e3 Nf6 7. a3 cxd4 8.
Nxd4 Bd6 9. Be2 O-O 10. h3 Re8 11. Ncb5 Be5 12. Nf3 Bb8 13. b4 a5 14. bxa5 Ne4
15. O-O Rxa5 16. Bb2 Be6 17. a4 f6 18. Nfd4 Nxd4 19. Bxd4 Be5 20. Rc1 Re7 21.
Bf3 Ng5 22. Bg4 Bxd4 23. Qxd4 Bxg4 24. Qxg4 Ra8 25. Rfd1 Re4 26. Qf5 Rexa4 27.
Rxd5 Qb8 28. f4 Ra1 29. Rxa1 Rxa1+ 30. Kh2 Nf7 31. Rd7 Qe8 32. Qd5 Ra5 33. Rxb7
g5 34. Qc4 Rxb5 35. Rxb5 Qxe3 36. fxg5 fxg5 37. Rf5 Qe7 38. Rc5 Qd6+ 39. Kg1
Qd1+ 40. Kf2 Qd2+ 41. Kg3 Qd6+ 42. Kf3 Qd1+ 43. Qe2 Qb3+ 44. Qe3 Qb7+ 45. Kf2
Qb2+ 46. Kg1 Qb1+ 47. Rc1 Qb5 48. Rc8+ Kg7 49. Qc3+ Kg6 50. Rc6+ Kh5 51. Qf3+
Kh4 52. Qg4# 1-0

[Event "Klub Kölner SF 1 - PSV Duisburg 1"]
[Site "Oberliga NRW 2012/2013"]
[Date "2013.01.20"]
[Round "5.8"]
[White "Wisskirchen, Andreas"]
[Black "Kirsch, Michael"]
[Result "1-0"]
[WhiteElo "2205"]
[BlackElo "1997"]
[PlyCount "61"]
[EventDate "2013.??.??"]
[WhiteTeam "Klub Kölner SF 1"]
[BlackTeam "PSV Duisburg 1"]

1. Nf3 e6 2. c4 f5 3. g3 Nf6 4. Bg2 Be7 5. O-O O-O 6. d4 Ne4 7. b3 Bf6 8. Bb2
c5 9. Qc2 cxd4 10. Nxd4 Nc6 11. Nxc6 bxc6 12. Nd2 d5 13. Bxf6 Rxf6 14. Rac1 Ba6
15. Rfd1 Qb6 16. c5 Qc7 17. e3 Nxd2 18. Qxd2 e5 19. Bxd5+ Kh8 20. Bc4 Bxc4 21.
Rxc4 Raf8 22. Qd7 Qxd7 23. Rxd7 R6f7 24. Rd6 Rc7 25. Re6 e4 26. Rd4 Kg8 27.
Red6 Rfc8 28. g4 g6 29. gxf5 gxf5 30. Rf6 Rf8 31. Rdd6 1-0

[Event "SV Mülheim-Nord 2 - SV Wattenscheid 2"]
[Site "Oberliga NRW 2012/2013"]
[Date "2013.02.17"]
[Round "6.1"]
[White "Henrichs, Thomas"]
[Black "Saltaev, Mihail"]
[Result "1/2-1/2"]
[WhiteElo "2503"]
[BlackElo "2451"]
[PlyCount "69"]
[EventDate "2013.??.??"]
[WhiteTeam "SV Wattenscheid 2"]
[BlackTeam "SV Mülheim-Nord 2"]

1. c4 c6 2. Nf3 d5 3. d4 Nf6 4. Nc3 a6 5. a4 e6 6. g3 Bb4 7. Bg2 O-O 8. O-O a5
9. Qb3 Nbd7 10. Rd1 b6 11. Nd2 Ba6 12. e4 Rc8 13. cxd5 cxd5 14. e5 Ne8 15. Nb5
Nb8 16. Nf3 Nc6 17. Bf4 Bxb5 18. axb5 Na7 19. Bf1 Nc7 20. Qe3 Ncxb5 21. Bd3 Be7
22. h4 Nc7 23. Ng5 g6 24. Kg2 Nc6 25. Rac1 Nb4 26. Bb1 Nb5 27. Qe2 Rc4 28. Nxh7
Nxd4 29. Qg4 Kxh7 30. Qh5+ Kg8 31. Bxg6 fxg6 32. Qxg6+ Kh8 33. Qh6+ Kg8 34.
Qg6+ Kh8 35. Qh6+ 1/2-1/2